Las argonauticas /
Guardado en:
| Autor Principal: | |
|---|---|
| Formato: | Libro |
| Publicado: |
Madrid :
Catedra,
1998
|
| Edición: | 2a. ed. |
| Series: | Letras Universales
|
| Materias: | |
| Etiquetas: |
Agregar Etiqueta
Sin Etiquetas, Sea el primero en etiquetar este registro!
|
| LEADER | 00650nam a22002295a 4500 | ||
|---|---|---|---|
| 001 | EHU.bham026681 | ||
| 003 | AR-BHAM | ||
| 005 | 20110510105853.0 | ||
| 008 | 130507s1998##################000#0#####d | ||
| 082 | 8 | 8 | |a 883 |
| 100 | 1 | |a Apolonio De Rodas | |
| 245 | 1 | 0 | |a Las argonauticas / |c Polonio De Rodas |
| 250 | |a 2a. ed. | ||
| 260 | |a Madrid : |b Catedra, |c 1998 | ||
| 300 | |a 237 p. | ||
| 490 | 0 | |a Letras Universales | |
| 500 | |a Ed. Y Trad. De Maximo Brioso | ||
| 653 | |a Literatura griega | ||
| 653 | |a Literatura griega antigua | ||
| 653 | |a Literatura clasica | ||
| 653 | |a Poesia griega | ||
| 859 | |a AR-BHAM |b BIB. HUMANIDADES - General |h 883 |i AP44-2 |p 487.04 |t Ej.1 | ||
